| 000 | 01333 a2200217 4500 | ||
|---|---|---|---|
| 001 | 59176 | ||
| 005 | 20260407155846.0 | ||
| 008 | 260407a1964 arg spa d | ||
| 003 | AR-UNSa-BCEJYS | ||
| 040 |
_aAR-UNSa-BCEJYS _bspa _cAR-UNSa-BCEJYS |
||
| 080 |
_a339.92 _xCooperación económica internacional. Integración económica internacional |
||
| 245 | 1 | 0 | _aTeoría de la integración económica |
| 264 | 1 |
_aMéxico : _bUnión Tipográfica Editorial Hispano-Americana (UTEHA) _c1964 |
|
| 300 |
_a332 p. _c23 cm. |
||
| 505 | _aParte I: Estática de la integración económica: 1. Movimiento de mercancías: aspectos de la producción – 2. Movimiento de mercancías: aspectos relativos al consumo y al bienestar – 3. Movimiento de factores – Parte II: Dinámica de la integración económica: 4. Las fronteras nacionales y el crecimiento – 5. Economías de escala – 6. Economías externas – 7. Factores dinámicos adicionales – Parte III: Integración y política económica: 8. Problemas regionales en un mercado común – 9. Armonización de las políticas sociales – 10. Los problemas fiscales en una unión – 11. La unificación monetaria y la balanza de pagos | ||
| 041 | _aspa | ||
| 942 | _cBK | ||
| 590 | _aniveau_biblio:m niveau_hierar:0 | ||
| 100 | 1 | _aBalassa, Bela | |
| 700 | 1 | _aCasilla, Jorge Laris | |
| 999 |
_c6606 _d6606 |
||